[Event "2. Bundesliga West"]
[Site "?"]
[Date "????.??.??"]
[Round "8.3"]
[White "Hamberger, Hermann"]
[Black "Baldauf, Marco"]
[Result "0-1"]
[WhiteElo "2155"]
[BlackElo "2105"]
[PlyCount "102"]
[EventDate "2007.01.28"]
[SourceDate "2006.10.21"]

1. Nf3 Nf6 2. c4 g6 3. Nc3 Bg7 4. g3 c6 5. Bg2 d5 6. cxd5 cxd5 7. d4 O-O 8. O-O
b6 9. Ne5 Bb7 10. Be3 Nc6 11. Nxc6 Bxc6 12. Rc1 Qd7 13. h3 Rfd8 14. Qb3 Ne8 15.
Rfd1 e6 16. Bf4 Nd6 17. Bxd6 Qxd6 18. e3 Rac8 19. Bf1 e5 20. dxe5 Qxe5 21. Nb5
Qe7 22. Nd4 Ba8 23. Rxc8 Rxc8 24. Bg2 Rc5 25. Ne2 Qe8 26. Nd4 Bb7 27. Qd3 Qa4
28. Nb3 Rc8 29. Bxd5 Bxd5 30. Qxd5 Bxb2 31. Qd7 Qxd7 32. Rxd7 a5 33. Rb7 a4 34.
Nd4 Rc1+ 35. Kg2 Ra1 36. Rxb6 Rxa2 37. Nb5 Bc1 38. Ra6 Bxe3 39. Kf3 Bc5 40. Kg4
Rxf2 41. h4 h5+ 42. Kh3 a3 43. Rc6 Be7 44. Rc8+ Kg7 45. Ra8 Rb2 46. Nc3 Rb3 47.
Ne4 Re3 48. Ra4 f5 49. Nd2 Bd6 50. Nf1 Re2 51. Nh2 Rf2 0-1

[Event "2. Bundesliga West"]
[Site "?"]
[Date "????.??.??"]
[Round "8.4"]
[White "Medvegy, Zoltan"]
[Black "Gasthofer, Alexander"]
[Result "1/2-1/2"]
[WhiteElo "2518"]
[BlackElo "2439"]
[PlyCount "35"]
[EventDate "2007.01.28"]
[SourceDate "2006.10.21"]

1. e4 e6 2. d4 d5 3. Nc3 dxe4 4. Nxe4 Nd7 5. g3 Ngf6 6. Nxf6+ Qxf6 7. Bg2 e5 8.
Nf3 Bd6 9. O-O O-O 10. Re1 exd4 11. Qxd4 c6 12. Qxf6 Nxf6 13. Bg5 Bc5 14. Nd2
Be6 15. Bxf6 gxf6 16. Ne4 Be7 17. a3 a5 18. Rad1 1/2-1/2

[Event "2. Bundesliga West"]
[Site "?"]
[Date "????.??.??"]
[Round "8.4"]
[White "Pitl, Gregory"]
[Black "Dovzik, Juri"]
[Result "1/2-1/2"]
[WhiteElo "2380"]
[BlackElo "2416"]
[PlyCount "36"]
[EventDate "2007.01.28"]
[SourceDate "2006.10.21"]

1. e4 c5 2. Nf3 e6 3. d4 cxd4 4. Nxd4 Nc6 5. Nc3 Qc7 6. Be2 a6 7. O-O Nf6 8.
Be3 Be7 9. Kh1 O-O 10. f4 d6 11. Qe1 Bd7 12. Qg3 Nxd4 13. Bxd4 Bc6 14. Bd3 b5
15. a3 Qb7 16. Rae1 b4 17. Nd1 bxa3 18. bxa3 Nh5 1/2-1/2

[Event "2. Bundesliga West"]
[Site "?"]
[Date "????.??.??"]
[Round "8.4"]
[White "Webersberger, Johann"]
[Black "Pitschka, Klaus"]
[Result "1/2-1/2"]
[WhiteElo "2264"]
[BlackElo "2279"]
[PlyCount "59"]
[EventDate "2007.01.28"]
[SourceDate "2006.10.21"]

1. e4 Nf6 2. Nc3 d5 3. exd5 Nxd5 4. Bc4 c6 5. Qf3 Nf6 6. Nge2 Bg4 7. Qg3 e6 8.
f3 Bd6 9. Qf2 Bf5 10. d3 Qb6 11. Be3 Qa5 12. O-O-O Nbd7 13. h4 h5 14. Nd4 Bg6
15. Rhe1 O-O-O 16. a4 Nd5 17. Nb3 Qc7 18. Bxd5 Bg3 19. Qg1 Bxe1 20. Rxe1 exd5
21. a5 b6 22. Kd2 Kb7 23. Ra1 Rhe8 24. Ra4 f6 25. Rb4 Rxe3 26. Qxe3 c5 27. axb6
axb6 28. Nxd5 Qd6 29. Nxc5+ Qxc5 30. Rxb6+ 1/2-1/2

[Event "2. Bundesliga West"]
[Site "?"]
[Date "????.??.??"]
[Round "8.4"]
[White "Hager, Franz"]
[Black "Zoister, Stefan"]
[Result "1/2-1/2"]
[WhiteElo "2237"]
[BlackElo "2257"]
[PlyCount "22"]
[EventDate "2007.01.28"]
[SourceDate "2006.10.21"]

1. d4 Nf6 2. c4 e6 3. Nf3 b6 4. g3 Ba6 5. b3 Bb4+ 6. Bd2 Be7 7. Bg2 c6 8. Ne5
d5 9. Bc3 Nfd7 10. Nxd7 Nxd7 11. Nd2 O-O 1/2-1/2

[Event "2. Bundesliga West"]
[Site "?"]
[Date "????.??.??"]
[Round "8.4"]
[White "Riediger, Martin"]
[Black "Marchhart, Matthias"]
[Result "1/2-1/2"]
[WhiteElo "2310"]
[BlackElo "2162"]
[PlyCount "41"]
[EventDate "2007.01.28"]
[SourceDate "2006.10.21"]

1. e4 c5 2. c3 d5 3. exd5 Qxd5 4. d4 Nc6 5. Nf3 cxd4 6. cxd4 e6 7. Nc3 Qa5 8.
Bc4 Nf6 9. O-O Be7 10. a3 O-O 11. Be3 a6 12. d5 Rd8 13. b4 Qc7 14. Qb3 Ne5 15.
Nxe5 Qxe5 16. Bb6 exd5 17. Nxd5 Rxd5 18. Rfe1 Qd6 19. Bxd5 Qxd5 20. Qxd5 Nxd5
21. Rad1 1/2-1/2

[Event "2. Bundesliga West"]
[Site "?"]
[Date "????.??.??"]
[Round "8.4"]
[White "Lickleder, Andreas"]
[Black "Ager, Josef"]
[Result "1-0"]
[WhiteElo "2235"]
[BlackElo "2196"]
[PlyCount "75"]
[EventDate "2007.01.28"]
[SourceDate "2006.10.21"]

1. e4 e5 2. Nf3 Nc6 3. Bb5 a6 4. Ba4 Nf6 5. O-O b5 6. Bb3 Be7 7. d4 d6 8. c3
O-O 9. h3 Bb7 10. Nbd2 Re8 11. Bc2 Bf8 12. d5 Ne7 13. a4 c6 14. dxc6 Bxc6 15.
Re1 Ng6 16. Nf1 Qc7 17. Bg5 Nd7 18. Ng3 Nc5 19. axb5 axb5 20. Qd2 Ne6 21. Be3
Ngf4 22. Ne2 Nxe2+ 23. Qxe2 Nc5 24. Nd2 Nd7 25. Bd3 Reb8 26. Rxa8 Rxa8 27. Bxb5
Bxb5 28. Qxb5 Rb8 29. Qc4 Qa5 30. b4 Qd8 31. Ra1 Rc8 32. Qb3 h6 33. Ra7 Be7 34.
Nc4 Rb8 35. Na5 Rc8 36. Qd5 Nb8 37. Qb7 Kf8 38. Ra8 1-0

[Event "2. Bundesliga West"]
[Site "?"]
[Date "????.??.??"]
[Round "8.5"]
[White "Anistratov, Dmitrij"]
[Black "Blaskowski, Johannes"]
[Result "1-0"]
[WhiteElo "2315"]
[BlackElo "2342"]
[PlyCount "110"]
[EventDate "2007.01.28"]
[SourceDate "2006.10.21"]

1. e4 c5 2. Nf3 e6 3. Nc3 Nc6 4. Bb5 Nge7 5. O-O a6 6. Bxc6 Nxc6 7. d4 cxd4 8.
Nxd4 Qc7 9. Nxc6 Qxc6 10. Qg4 d6 11. Re1 e5 12. Qg3 Be6 13. f4 f6 14. Be3 g6
15. Rad1 Be7 16. h4 O-O-O 17. Nd5 Bxd5 18. exd5 Qd7 19. Bf2 Kb8 20. Qe3 b5 21.
a4 b4 22. a5 Qb7 23. Qb3 Ka8 24. Re4 Rb8 25. Bb6 Bd8 26. Rxb4 Bxb6+ 27. axb6
Rhc8 28. Ra1 Rc5 29. c4 a5 30. fxe5 fxe5 31. Kh2 Qf7 32. Qh3 Qf5 33. Rba4 Qxh3+
34. Kxh3 Kb7 35. b4 Rxc4 36. bxa5 Rxa4 37. Rxa4 Ka6 38. Ra1 Rc8 39. Kg4 h6 40.
Kf3 Rf8+ 41. Ke3 h5 42. Rc1 Kxa5 43. Rc6 Ka6 44. Rxd6 Rg8 45. Rc6 Kb7 46. Rc2
g5 47. hxg5 Rxg5 48. d6 Rg8 49. Ke4 Kxb6 50. Kd5 Kb7 51. Rb2+ Kc8 52. Kc6 Rg6
53. Rf2 Rg8 54. Ra2 Kb8 55. Rb2+ Kc8 1-0

[Event "2. Bundesliga West"]
[Site "?"]
[Date "????.??.??"]
[Round "8.5"]
[White "Neuschmied, Siegfried"]
[Black "Novkovic, Julia"]
[Result "1-0"]
[WhiteElo "2295"]
[BlackElo "2158"]
[PlyCount "93"]
[EventDate "2007.01.28"]
[SourceDate "2006.10.21"]

1. e4 e5 2. Nf3 Nc6 3. Bb5 a6 4. Ba4 Nf6 5. O-O Be7 6. Re1 b5 7. Bb3 O-O 8. h3
d6 9. c3 Na5 10. Bc2 c5 11. d4 cxd4 12. cxd4 Nc6 13. Nc3 exd4 14. Nxd4 Nxd4 15.
Qxd4 Be6 16. Bf4 Rc8 17. Rad1 Qa5 18. Bb1 Rfe8 19. Qd3 Bc4 20. Qd2 b4 21. Nd5
Nxd5 22. exd5 Bxa2 23. Bf5 Rcd8 24. Re3 g6 25. Bc2 Bc4 26. Rde1 Qc7 27. Ba4 Bb5
28. Bxb5 axb5 29. Qe2 Rd7 30. Bg5 Kf8 31. Qxb5 Qb7 32. Qc4 Bxg5 33. Rxe8+ Kg7
34. Rc8 Qb6 35. Qg4 Re7 36. Rxe7 Bxe7 37. Rc4 Qa5 38. Rxb4 Bf6 39. Qe4 Qa1+ 40.
Kh2 Bxb2 41. g3 Be5 42. Kg2 Qa7 43. Rc4 h5 44. Rc6 Bd4 45. Rxd6 Bxf2 46. Qe5+
Kh7 47. Rd8 1-0

[Event "2. Bundesliga West"]
[Site "?"]
[Date "????.??.??"]
[Round "8.5"]
[White "Kanonier, Clemens"]
[Black "Grundherr, Martin"]
[Result "1-0"]
[WhiteElo "2094"]
[BlackElo "2304"]
[PlyCount "47"]
[EventDate "2007.01.28"]
[SourceDate "2006.10.21"]

1. e4 c6 2. d4 d5 3. e5 Bf5 4. h4 h5 5. c4 e6 6. Nc3 Ne7 7. Bg5 dxc4 8. Bxc4
Nd7 9. Nge2 Nb6 10. Bb3 Qc7 11. Qd2 Ned5 12. Ng3 Nxc3 13. bxc3 Bg6 14. O-O c5
15. f4 cxd4 16. cxd4 Nd5 17. f5 exf5 18. Nxf5 Bb4 19. e6 fxe6 20. Nxg7+ Qxg7
21. Ba4+ Qd7 22. Bxd7+ Kxd7 23. Qb2 Rac8 24. Rac1 1-0

[Event "2. Bundesliga West"]
[Site "?"]
[Date "????.??.??"]
[Round "8.5"]
[White "Mittelberger, Peter"]
[Black "Natter, Markus"]
[Result "1-0"]
[WhiteElo "2244"]
[BlackElo "2102"]
[PlyCount "85"]
[EventDate "2007.01.28"]
[SourceDate "2006.10.21"]

1. e4 c5 2. Nf3 e6 3. d4 cxd4 4. Nxd4 Bc5 5. Nb3 Bb6 6. Nc3 Ne7 7. Bf4 d5 8.
Bd3 Nbc6 9. O-O d4 10. Ne2 O-O 11. Bg3 Kh8 12. Kh1 f6 13. f4 Qc7 14. Rc1 Rd8
15. a3 a6 16. Ng1 Bd7 17. Qh5 Be8 18. Qh3 Qd7 19. Bc4 f5 20. Nf3 Bg6 21. Ng5
Rf8 22. Bxe6 Qc7 23. Bc4 Nd8 24. Bd3 h6 25. e5 Kg8 26. Nf3 Ne6 27. Nh4 Bh7 28.
Be1 h5 29. Nd2 Qd7 30. Nc4 Bc7 31. a4 b6 32. b3 Rad8 33. Bd2 Nc5 34. Rce1 Qd5
35. Bc1 Kh8 36. Qf3 Ne6 37. Ba3 Nc5 38. Re2 Rfe8 39. Qxd5 Nxd5 40. Nf3 Ne6 41.
g3 Bg6 42. Nd6 Rf8 43. Bc4 1-0

[Event "2. Bundesliga West"]
[Site "?"]
[Date "????.??.??"]
[Round "8.5"]
[White "Gsteu, Peter"]
[Black "Eybl, Alexander"]
[Result "1/2-1/2"]
[WhiteElo "2056"]
[BlackElo "2253"]
[PlyCount "164"]
[EventDate "2007.01.28"]
[SourceDate "2006.10.21"]

1. d4 Nf6 2. Nf3 e6 3. c4 Bb4+ 4. Bd2 Qe7 5. a3 Bxd2+ 6. Nbxd2 d6 7. e4 e5 8.
d5 Bg4 9. Be2 O-O 10. O-O Nbd7 11. Ne1 Bxe2 12. Qxe2 g6 13. b4 Nh5 14. g3 f5
15. f3 Qg5 16. Ng2 Nhf6 17. f4 Qh6 18. exf5 Rae8 19. Ne4 exf4 20. Nxf6+ Nxf6
21. Qd2 Ng4 22. Nxf4 Rxf5 23. Ra2 Ne5 24. Qe2 Ref8 25. h4 g5 26. hxg5 Qxg5 27.
Qg2 Qg4 28. Rc1 Nf3+ 29. Kf2 Ne5 30. Kg1 Nf3+ 31. Kf2 Nh4 32. gxh4 Rxf4+ 33.
Kg1 Kh8 34. Qxg4 Rxg4+ 35. Rg2 Rxh4 36. c5 Rd4 37. cxd6 cxd6 38. Rc7 Rxd5 39.
Rgg7 Rg8 40. Rxg8+ Kxg8 41. Rxb7 Rg5+ 42. Kf2 Rg7 43. Rb8+ Kf7 44. Rh8 Ke6 45.
Ke3 Kd5 46. Kd3 Rg3+ 47. Kc2 Rxa3 48. Rxh7 Kc4 49. Rh4+ Kb5 50. Rd4 Kc6 51. Rh4
d5 52. Rh5 Re3 53. Rg5 Re7 54. Kc3 Re3+ 55. Kc2 Re4 56. Kc3 Rc4+ 57. Kb3 Rh4
58. Kc3 Rh3+ 59. Kc2 Rh7 60. Kc3 Rd7 61. Rh5 Kb5 62. Kb3 Kc6 63. Kc3 Rf7 64.
Rg5 Rf3+ 65. Kc2 Rf4 66. Kc3 Kd6 67. Rh5 Rc4+ 68. Kb3 Rc7 69. Rg5 Ke6 70. Rh5
d4 71. Kb2 Rf7 72. Ra5 Rd7 73. Kc2 Kd6 74. Kd3 Kc6 75. Rc5+ Kb6 76. Rh5 a6 77.
Rg5 Ka7 78. Rg4 Kb6 79. Rxd4 Rxd4+ 80. Kxd4 Kb5 81. Kc3 a5 82. bxa5 Kxa5
1/2-1/2

[Event "2. Bundesliga West"]
[Site "?"]
[Date "????.??.??"]
[Round "8.5"]
[White "Meier, Alexander"]
[Black "Klocker, Benedikt"]
[Result "0-1"]
[WhiteElo "2145"]
[BlackElo "2028"]
[PlyCount "106"]
[EventDate "2007.01.28"]
[SourceDate "2006.10.21"]

1. e4 c5 2. Nf3 d6 3. d4 cxd4 4. Qxd4 Nc6 5. Bb5 Bd7 6. Bxc6 Bxc6 7. Nc3 Nf6 8.
Bg5 e6 9. O-O-O Be7 10. Kb1 O-O 11. h4 Rc8 12. Qd3 h6 13. Nd4 Qa5 14. f4 Rfd8
15. f5 Bd7 16. Bd2 Qc7 17. Qf3 exf5 18. exf5 Bc6 19. Nxc6 Qxc6 20. Qf2 d5 21.
Qf3 Ne4 22. Ka1 Nxd2 23. Rxd2 Bb4 24. Nxd5 Rxd5 25. Rxd5 Qxc2 26. Qd1 Qxg2 27.
Rd8+ Rxd8 28. Qxd8+ Kh7 29. Rd1 Qf2 30. Qd7 Qxh4 31. Qxf7 Qg5 32. Rf1 Qg2 33.
Qc4 Be7 34. Rd1 Bf6 35. Qb3 Qe4 36. Qd3 Qe5 37. Qc2 Qf4 38. a3 Qf3 39. Ka2 h5
40. Rd2 Qf4 41. Rf2 Qe5 42. Qe2 Qxe2 43. Rxe2 Kh6 44. Kb3 Kg5 45. Rf2 Kg4 46.
Kc2 Kg3 47. Rf1 h4 48. Kd3 h3 49. Ke2 h2 50. Rf3+ Kg4 51. Rf1 Bd4 52. Rc1 Bg1
53. Rc4+ Kg5 0-1

[Event "2. Bundesliga West"]
[Site "?"]
[Date "????.??.??"]
[Round "8.6"]
[White "Ginsburg, Gennadij"]
[Black "Wohl, Aleksandar H"]
[Result "1-0"]
[WhiteElo "2506"]
[BlackElo "2428"]
[PlyCount "53"]
[EventDate "2007.01.28"]
[SourceDate "2006.10.21"]

1. Nf3 Nf6 2. d4 e6 3. c4 Bb4+ 4. Bd2 Qe7 5. g3 O-O 6. Bg2 Ne4 7. O-O Nxd2 8.
Nbxd2 Bxd2 9. Qxd2 d6 10. b4 e5 11. dxe5 dxe5 12. Qc3 Nd7 13. c5 c6 14. Nd2 Nf6
15. Nc4 e4 16. Nd6 Nd5 17. Qd4 f5 18. Rab1 Qf6 19. Qxf6 Rxf6 20. Rfc1 b6 21. f3
bxc5 22. fxe4 Rxd6 23. bxc5 Rd8 24. exd5 cxd5 25. c6 Be6 26. Rb7 a5 27. Re1 1-0

[Event "2. Bundesliga West"]
[Site "?"]
[Date "????.??.??"]
[Round "8.6"]
[White "Lawitsch, Guenther"]
[Black "Sucher, Johannes"]
[Result "1-0"]
[WhiteElo "2294"]
[BlackElo "2155"]
[PlyCount "71"]
[EventDate "2007.01.28"]
[SourceDate "2006.10.21"]

1. g3 d5 2. Bg2 e5 3. c4 dxc4 4. Na3 Bxa3 5. Qa4+ c6 6. Qxa3 Be6 7. Qc3 Nd7 8.
Nf3 f6 9. O-O Ne7 10. b3 cxb3 11. d4 bxa2 12. dxe5 fxe5 13. Ng5 Bg8 14. Ne4 Qc7
15. Ba3 Nd5 16. Qd2 O-O-O 17. Bd6 Qb6 18. Rxa2 Be6 19. Rfa1 N7f6 20. Rxa7 Nxe4
21. Bxe4 Rxd6 22. Ra8+ Kd7 23. Rxh8 Nf4 24. Qe1 Qd4 25. Rb1 Nh3+ 26. Kf1 b5 27.
Bg2 h6 28. Rf8 Ke7 29. Rf3 e4 30. Re3 Bf5 31. g4 Nxf2 32. Qxf2 Bg6 33. Kg1 Rf6
34. Rxe4+ Qxe4 35. Qc5+ Kd7 36. Rd1+ 1-0

[Event "2. Bundesliga West"]
[Site "?"]
[Date "????.??.??"]
[Round "8.6"]
[White "Doskocil, Klaus"]
[Black "Gruber, Michael"]
[Result "1/2-1/2"]
[WhiteElo "2146"]
[BlackElo "2138"]
[PlyCount "40"]
[EventDate "2007.01.28"]
[SourceDate "2006.10.21"]

1. e4 c5 2. Nc3 d6 3. g3 Nc6 4. Bg2 g6 5. f4 Bg7 6. Nf3 e6 7. O-O Nge7 8. d3
O-O 9. Be3 b6 10. d4 Ba6 11. Rf2 d5 12. Rd2 c4 13. e5 b5 14. Ne2 b4 15. c3 Qa5
16. g4 Rab8 17. Qc1 bxc3 18. bxc3 Rb5 19. Rb1 Rfb8 20. Rdb2 Qa3 1/2-1/2

[Event "2. Bundesliga West"]
[Site "?"]
[Date "????.??.??"]
[Round "8.6"]
[White "Riedl, Johannes"]
[Black "Froewis, Georg"]
[Result "0-1"]
[WhiteElo "2143"]
[BlackElo "2112"]
[PlyCount "56"]
[EventDate "2007.01.28"]
[SourceDate "2006.10.21"]

1. c4 e6 2. Nc3 d5 3. d4 c6 4. Nf3 Nf6 5. e3 Nbd7 6. Qc2 Bd6 7. Be2 O-O 8. O-O
dxc4 9. Bxc4 e5 10. e4 exd4 11. Nxd4 Ne5 12. Bb3 Bb8 13. Rd1 Qc7 14. f4 c5 15.
Nf3 Nxf3+ 16. gxf3 c4 17. Ba4 Qc5+ 18. Kh1 Be6 19. Qe2 Qe7 20. Be3 Nh5 21. Qf2
Nxf4 22. Bc5 Nh3 23. Qd4 Qh4 24. Bxf8 Nf2+ 25. Kg1 Qxh2+ 26. Kf1 Bh3+ 27. Ke1
Be5 28. Qxc4 Nxd1 0-1

[Event "2. Bundesliga West 2006/2007"]
[Site "Lustenau"]
[Date "2007.03.02"]
[Round "9.1"]
[White "Wohl, Aleksandar H"]
[Black "Bromberger, Stefan"]
[Result "1-0"]
[WhiteElo "2437"]
[BlackElo "2415"]
[PlyCount "81"]
[EventDate "2006.10.21"]
[SourceDate "2006.10.21"]

1. e4 c5 2. b3 b6 3. Bb2 Bb7 4. e5 Nc6 5. Nf3 e6 6. Na3 Nh6 7. Nc4 Be7 8. Bd3
f5 9. exf6 Bxf6 10. Nd6+ Ke7 11. Nxb7 Qc7 12. Bxf6+ gxf6 13. Nxc5 bxc5 14. O-O
Rag8 15. Qe2 Ng4 16. c3 Nce5 17. Nxe5 fxe5 18. Be4 d5 19. Bf3 Nxh2 20. Kxh2 e4+
21. Kg1 Qf4 22. Bh5 Rg5 23. g3 Rhg8 24. Kh2 Qf5 25. Rh1 Rxh5+ 26. Kg2 Rhg5 27.
Rh6 R8g7 28. Re1 Qe5 29. c4 Rf5 30. cxd5 exd5 31. Reh1 Rff7 32. R1h5 Qd4 33.
Ra6 Kf8 34. Rd6 Rd7 35. Qa6 Ke7 36. Re6+ Kd8 37. Rhe5 Rg8 38. Qa5+ Kc8 39. Qa6+
Kd8 40. Qa5+ Kc8 41. Re8+ 1-0

[Event "2. Bundesliga West 2006/2007"]
[Site "Lustenau"]
[Date "2007.03.02"]
[Round "9.1"]
[White "Heinzel, Olaf"]
[Black "Lawitsch, Guenther"]
[Result "1/2-1/2"]
[WhiteElo "2384"]
[BlackElo "2294"]
[PlyCount "66"]
[EventDate "2006.10.21"]
[SourceDate "2006.10.21"]

1. d4 d5 2. Bf4 c5 3. e3 cxd4 4. exd4 Qb6 5. Nc3 Nf6 6. Nb5 Na6 7. c3 g6 8. Nf3
Bg7 9. Bd3 O-O 10. O-O Nh5 11. Be3 Nb8 12. Qd2 a6 13. Na3 Nc6 14. Ne5 Nf6 15.
h3 Nd7 16. Rac1 Qd8 17. Nxd7 Bxd7 18. Bh6 Bxh6 19. Qxh6 e5 20. dxe5 Nxe5 21.
Rcd1 Qb6 22. Qc1 Rad8 23. Rfe1 Rfe8 24. Bf1 Bc6 25. Rd4 Nd7 26. Red1 Kg7 27.
Nc2 Re4 28. Ne3 Nf6 29. g3 Rde8 30. Bg2 R4e5 31. c4 dxc4 32. Nxc4 Qxd4 33. Nxe5
Qxe5 1/2-1/2

[Event "2. Bundesliga West 2006/2007"]
[Site "Lustenau"]
[Date "2007.03.02"]
[Round "9.1"]
[White "Gruber, Michael"]
[Black "Gatterer, Florian"]
[Result "1/2-1/2"]
[WhiteElo "2074"]
[BlackElo "2185"]
[PlyCount "171"]
[EventDate "2006.10.21"]
[SourceDate "2006.10.21"]

1. e4 c6 2. d4 d5 3. e5 c5 4. c3 Nc6 5. Nf3 Bg4 6. Be2 e6 7. Nbd2 cxd4 8. cxd4
Qb6 9. O-O Nge7 10. Qa4 Bh5 11. h3 Bg6 12. a3 Rc8 13. b4 Nf5 14. Bb2 Be7 15.
Rac1 O-O 16. b5 Qa5 17. Qb3 Ncxd4 18. Nxd4 Nxd4 19. Bxd4 Qxd2 20. Qe3 Qxe3 21.
Bxe3 Bxa3 22. Ra1 Bb2 23. Rxa7 d4 24. Ra2 Bc3 25. Bd2 Rc5 26. f4 Be4 27. Bf3
Bd3 28. Rd1 Bc4 29. Bxc3 Bxa2 30. Bb4 Rxb5 31. Bxf8 Kxf8 32. Rxd4 Ke7 33. Kf2
h6 34. Ra4 Bd5 35. Bxd5 Rxd5 36. Ra7 Rb5 37. Ra8 h5 38. Rg8 g6 39. Rb8 Rb3 40.
Ke2 Kd7 41. Rf8 Ke7 42. Rb8 b5 43. Rb7+ Kf8 44. Rb8+ Kg7 45. h4 b4 46. Kf2 Rb1
47. g3 b3 48. Kg2 b2 49. Kf2 g5 50. hxg5 Kg6 51. Rb7 h4 52. gxh4 Kh5 53. Rb4
Kg4 54. Kg2 Kh5 55. Kh2 Rf1 56. Rxb2 Rxf4 57. Rb7 Kg4 58. Rd7 Rf2+ 59. Kg1 Rf4
60. Kh2 Kxh4 61. g6 fxg6 62. Re7 Re4 63. Rxe6 Re2+ 64. Kg1 g5 65. Kf1 Ra2 66.
Rb6 Ra4 67. e6 Re4 68. Kg2 Kg4 69. Rb2 Rxe6 70. Ra2 Re4 71. Rb2 Rc4 72. Ra2 Kh4
73. Rb2 Kg4 74. Ra2 Kf4 75. Rb2 g4 76. Ra2 Rc3 77. Ra4+ Kg5 78. Ra5+ Kh4 79.
Ra2 Rg3+ 80. Kh2 Rf3 81. Kg2 Rf4 82. Rb2 g3 83. Ra2 Kg4 84. Rb2 Rf2+ 85. Rxf2
gxf2 86. Kxf2 1/2-1/2

[Event "2. Bundesliga West 2006/2007"]
[Site "Lustenau"]
[Date "2007.03.02"]
[Round "9.1"]
[White "Hengl, Christian"]
[Black "Riedl, Johannes"]
[Result "1-0"]
[WhiteElo "2200"]
[BlackElo "2083"]
[PlyCount "73"]
[EventDate "2006.10.21"]
[SourceDate "2006.10.21"]

1. e4 e6 2. d4 d5 3. e5 c5 4. c3 Nc6 5. Nf3 Nge7 6. a3 cxd4 7. cxd4 Nf5 8. b4
Bd7 9. Bb2 b5 10. Bxb5 Nxe5 11. Bxd7+ Nxd7 12. Nbd2 a5 13. bxa5 Qxa5 14. O-O
Be7 15. Qe2 O-O 16. g4 Nh4 17. Nxh4 Bxh4 18. Qd3 Rfc8 19. Rfb1 Qc7 20. Nf3 Be7
21. Bc1 Nf6 22. h3 Ne4 23. Be3 Qc3 24. Qxc3 Rxc3 25. a4 g6 26. Kg2 Ba3 27. Ra2
Rxa4 28. Bh6 Ra8 29. Rba1 Nd6 30. Nd2 Nb5 31. Nb1 Rc4 32. Rb2 Nxd4 33. Rxa3 Re8
34. Ra7 Nc6 35. Rc7 Nd4 36. Rd7 Nc6 37. Nd2 1-0

[Event "2. Bundesliga West 2006/2007"]
[Site "Lustenau"]
[Date "2007.03.02"]
[Round "9.1"]
[White "Thoeny, Hermann"]
[Black "Jedinger, Andreas"]
[Result "0-1"]
[WhiteElo "2175"]
[BlackElo "2147"]
[PlyCount "135"]
[EventDate "2006.10.21"]
[SourceDate "2006.10.21"]

1. d4 Nf6 2. Nf3 g6 3. Bg5 Bg7 4. Nbd2 d5 5. e3 c5 6. c3 Qb6 7. Qc2 Bf5 8. dxc5
Qxc5 9. Bd3 Bxd3 10. Qxd3 Nbd7 11. O-O O-O 12. e4 dxe4 13. Nxe4 Nxe4 14. Qxe4
Nf6 15. Qh4 Rfd8 16. Rad1 Rd5 17. c4 Rxd1 18. Rxd1 Rc8 19. b3 Qa3 20. Qh3 Rf8
21. Bxf6 Bxf6 22. Qd7 b6 23. Qd2 e6 24. Qc2 Qc5 25. Nd2 Bg7 26. Ne4 Qe5 27. h3
Rc8 28. Qd3 h6 29. Qd7 Qc7 30. Qxc7 Rxc7 31. Rd8+ Kh7 32. Nd6 Be5 33. Nb5 Rb7
34. Kf1 a6 35. Na3 Bb2 36. Nc2 Bf6 37. Rd3 Kg7 38. Nb4 a5 39. Nc2 Kf8 40. Ne3
Ke7 41. Ke2 Rd7 42. c5 bxc5 43. Nc4 Ra7 44. a4 Bd4 45. Na3 e5 46. Nc4 Ke6 47.
f3 f5 48. Nd2 h5 49. h4 Kd5 50. Nc4 Ke6 51. Nd2 Kf6 52. Nc4 g5 53. hxg5+ Kxg5
54. Rd1 h4 55. Kf1 Kf4 56. Re1 Rg7 57. Nb6 h3 58. Nd5+ Kg3 59. Ne3 Bxe3 60.
Rxe3 Kf4 61. Re1 hxg2+ 62. Kg1 Rg3 63. Rc1 Rxf3 64. Kxg2 Rxb3 65. Rxc5 e4 66.
Rxa5 Rb2+ 67. Kf1 Ra2 68. Ra8 0-1

[Event "2. Bundesliga West 2006/2007"]
[Site "Lustenau"]
[Date "2007.03.02"]
[Round "9.1"]
[White "Muehlbacher, Bernhard"]
[Black "Kranebitter, Gerhard"]
[Result "1/2-1/2"]
[WhiteElo "2042"]
[BlackElo "1996"]
[PlyCount "49"]
[EventDate "2006.10.21"]
[SourceDate "2006.10.21"]

1. c4 e5 2. Nc3 Nf6 3. g3 d5 4. cxd5 Nxd5 5. Bg2 Nb6 6. Nf3 Nc6 7. O-O Be7 8.
d3 Be6 9. Ne4 f6 10. Be3 Nd4 11. Bxd4 exd4 12. Qc2 O-O 13. Nc5 Bd5 14. Bh3 Qd6
15. b4 a5 16. a3 Bxf3 17. exf3 Rfb8 18. Rae1 axb4 19. axb4 Kh8 20. Re6 Qd8 21.
Rfe1 Nd5 22. b5 Nb4 23. Qc4 Bxc5 24. Qxc5 Nxd3 25. Re8+ 1/2-1/2

[Event "2. Bundesliga West 2006/2007"]
[Site "Lustenau"]
[Date "2007.03.02"]
[Round "9.2"]
[White "Hugentobler, Patrick"]
[Black "Neuschmied, Siegfried"]
[Result "0-1"]
[WhiteElo "2194"]
[BlackElo "2254"]
[PlyCount "88"]
[EventDate "2006.10.21"]
[SourceDate "2006.10.21"]

1. e4 e6 2. d4 d5 3. Nc3 Nf6 4. e5 Nfd7 5. f4 c5 6. Nf3 Nc6 7. Be3 cxd4 8. Nxd4
Bc5 9. Qd2 O-O 10. O-O-O Nxd4 11. Bxd4 a6 12. h4 b5 13. Rh3 Qb6 14. h5 Ra7 15.
Ne2 Rc7 16. Rg3 f5 17. Kb1 a5 18. Rg5 b4 19. Qe3 Kh8 20. g4 fxg4 21. f5 Rxf5
22. Rxf5 exf5 23. e6 Nf6 24. h6 Bxe6 25. hxg7+ Kg8 26. Qg5 Bxd4 27. Nxd4 Rf7
28. Nxf5 Bxf5 29. Qxf5 Qe3 30. Bd3 Qf3 31. Qc8+ Kxg7 32. Rf1 Qe3 33. b3 Qg5 34.
Rf5 Qh4 35. Qe6 h6 36. Rf4 Qg5 37. Rf5 Qd2 38. Bb5 Qd1+ 39. Kb2 Qd4+ 40. Kb1
Qe4 41. Re5 Qd4 42. Rf5 g3 43. Bf1 Qe4 44. Re5 g2 0-1

[Event "2. Bundesliga West 2006/2007"]
[Site "Lustenau"]
[Date "2007.03.02"]
[Round "9.2"]
[White "Grundherr, Martin"]
[Black "Sucher, Johannes"]
[Result "1-0"]
[WhiteElo "2304"]
[BlackElo "2155"]
[PlyCount "59"]
[EventDate "2006.10.21"]
[SourceDate "2006.10.21"]

1. Nf3 d5 2. c4 e6 3. g3 Nf6 4. Bg2 b6 5. Nc3 Bb7 6. Ne5 Bd6 7. d4 O-O 8. Bg5
c5 9. cxd5 cxd4 10. Qxd4 h6 11. Bxf6 Qxf6 12. Nc6 Qxd4 13. Nxd4 Be5 14. O-O-O
Na6 15. e4 exd5 16. exd5 Rfd8 17. Nc6 Bxc6 18. dxc6 Nc7 19. Rhe1 Bxc3 20. bxc3
Kf8 21. Rd7 Rxd7 22. cxd7 Rd8 23. Bc6 g6 24. f4 Kg7 25. Re8 Ne6 26. g4 Kf6 27.
h3 h5 28. Kc2 hxg4 29. hxg4 a6 30. a4 1-0

[Event "2. Bundesliga West 2006/2007"]
[Site "Lustenau"]
[Date "2007.03.02"]
[Round "9.2"]
[White "Doskocil, Klaus"]
[Black "Astl, Peter"]
[Result "0-1"]
[WhiteElo "2111"]
[BlackElo "2245"]
[PlyCount "118"]
[EventDate "2006.10.21"]
[SourceDate "2006.10.21"]

1. e4 c6 2. d4 d5 3. exd5 cxd5 4. c4 Nf6 5. Nc3 g6 6. cxd5 Bg7 7. Qb3 O-O 8.
Be2 b6 9. Bf3 Bb7 10. Nge2 Na6 11. O-O Qd7 12. Bf4 Rfd8 13. Rac1 Nxd5 14. Nxd5
Bxd5 15. Bxd5 Qxd5 16. Qa3 Qb7 17. Rfd1 Rd7 18. b4 Nc7 19. Bxc7 Rxc7 20. b5 Rd8
21. Qe3 Rcd7 22. Rc6 e5 23. Rdc1 exd4 24. Qd3 Qb8 25. Ng3 Qe5 26. Ne4 Re7 27.
Ng3 h5 28. R1c2 Qe1+ 29. Nf1 Rde8 30. Rc7 Qa5 31. Qb3 Kh7 32. g3 h4 33. gxh4
Qe1 34. Qf3 Qe5 35. Qb7 Bh6 36. Qxa7 d3 37. R2c6 d2 38. Nxd2 Bxd2 39. Qxb6 Qe1+
40. Kg2 Qe4+ 41. f3 Qe2+ 42. Qf2 Qxb5 43. Rxe7 Rxe7 44. Rc2 Re2 45. Rxd2 Rxf2+
46. Rxf2 Qa4 47. Kg3 Kh6 48. Re2 f5 49. Re7 Qxa2 50. h3 Qa1 51. Kg2 Qf6 52. Re8
Kg7 53. Ra8 Qxh4 54. Ra7+ Kh6 55. Ra8 Qg5+ 56. Kf2 Qd2+ 57. Kg3 Qe1+ 58. Kf4
Qh4+ 59. Ke3 Qg5+ 0-1